Normal view
MARC view
Entry Uniform Title
001 - CONTROL NUMBER
- control field: 1399
003 - CONTROL NUMBER IDENTIFIER
- control field: ARRUPE
005 - DATE AND TIME OF LATEST TRANSACTION
- control field: 20130926125127.0
008 - FIXED-LENGTH DATA ELEMENTS
- fixed length control field: 130926|| aca||aabn | a|a d
040 ## - CATALOGING SOURCE
- Original cataloging agency: ARRUPE
- Transcribing agency: ARRUPE
130 ## - HEADING--UNIFORM TITLE
- Uniform title: Bible N.T.
- Name of part/section of a work: Epistles of Paul
- Form subdivision: Meditations.
670 ## - SOURCE DATA FOUND
- Source citation: Work cat.: (ARRUPE)0: Martini, Carlo Maria, 1927-2012. 1397, The Gospel according to St. Paul :, c2008.